| 000 | 01549nam a2200373 c 4500 | ||
|---|---|---|---|
| 999 |
_c51433 _d51433 |
||
| 001 | 51433 | ||
| 003 | ES-MaCES | ||
| 005 | 20191217121014.0 | ||
| 007 | cr ||||||||||| | ||
| 008 | 191216s2019 sz r i000 | spa d | ||
| 040 |
_aES-MaCES _bspa _cES-MaCES |
||
| 245 | 0 | 0 |
_aCambio climático y derechos humanos _hRecurso electrónico _b: contribuciones desde y para América Latina y el Caribe _c[Comisión Económica para América Latina y el Caribe y Alto Comisionado de las Naciones Unidas para los Derechos Humanos (CEPAL/ACNUDH)] |
| 260 |
_aSantiago de Chile _bCEPAL _c[2019] |
||
| 300 |
_a1 documento pdf _c(4,36 mb) |
||
| 504 | _aBibliografía: p. 91-96 | ||
| 541 | _cGratuito | ||
| 650 | 4 |
_acambio climático _930961 |
|
| 650 | 4 |
_adegradación del medio ambiente _930722 |
|
| 650 | 4 |
_aderechos humanos _927171 |
|
| 650 | 4 |
_adesarrollo sostenible _930785 |
|
| 650 | 4 |
_adesarrollo económico y social _929234 |
|
| 650 | 4 |
_aevaluación del impacto ambiental _930344 |
|
| 650 | 4 |
_aderecho internacional _926684 |
|
| 650 | 4 |
_apolítica regional _930779 |
|
| 650 | 4 |
_aAmérica Latina _926882 |
|
| 650 | 4 |
_aCaribe _926861 |
|
| 650 | 4 |
_aplan de acción _930406 |
|
| 653 | 1 | 0 | _aMedio ambiente |
| 710 | 2 |
_aNaciones Unidas _bComisión Económica para América Latina y el Caribe _94573 |
|
| 710 | 2 |
_aOficina del Alto Comisionado de las Naciones Unidas para los Derechos Humanos _94673 |
|
| 856 | 4 |
_uhttp://biblioteca.ces.es/repintra/B51433.pdf _ytexto completo _z[intranet] |
|
| 902 | _aELE PUB. ELECTRONICA | ||
| 942 |
_2CES _cBK _h4.2. |
||